MARC

LEADER 00000nam0a2200000 4500
001 56422
005 20231031053427.0
035 |a (RuTPU)RU\TPU\book\59267 
090 |a 56422 
100 |a 20030929d1979 km y0rusy50 ca 
101 0 |a rus 
102 |a RU 
105 |a a z 000zy 
200 1 |a Аналоговые и цифровые интегральные схемы  |f Под ред. С. В. Якубовского 
210 |a Москва  |c Советское радио  |d 1979 
215 |a 335 с.  |c ил. 
225 1 |a Проектирование радиоэлектронной аппаратуры на интегральных микросхемах 
320 |a Библиография в конце глав. 
610 1 |a радиоэлектронная аппаратура 
610 1 |a аналоговые интегральные схемы 
610 1 |a цифровые интегральные схемы 
610 1 |a запоминающие устройства 
610 1 |a операционные усилители 
610 1 |a надежность 
675 |a 621.396.6.049  |v 3 
702 1 |a Якубовский   |b С. В.  |g Сергей Викторович  |4 340 
801 1 |a RU  |b 63413507  |c 20030929  |g PSBO 
801 2 |a RU  |b 63413507  |c 20150618  |g PSBO 
942 |c BK